| 000 | 00553cam a2200145 4500500 | ||
|---|---|---|---|
| 005 | 20251109010955.0 | ||
| 041 | _afre | ||
| 042 | _adc | ||
| 100 | 1 | 0 |
_aRivet de Sabatier, Philippe _eauthor |
| 245 | 0 | 0 | _aHugues Lagrange La peine et le plaisir Dépression, addiction, obésité. Presses universitaires de France, 2025, 352 pages, 22 €. |
| 260 | _c2025. | ||
| 500 | _a52 | ||
| 786 | 0 | _nÉtudes | 4331 | 11 | 2025-11-03 | p. 138a-139 | 0014-1941 | |
| 856 | 4 | 1 | _uhttps://shs.cairn.info/revue-etudes-2025-11-page-138a?lang=fr&redirect-ssocas=7080 |
| 999 |
_c1562211 _d1562211 |
||